• 首页
  • 本馆介绍
  • 公告通知
  • 最新文献
  • 馆藏检索
  • 电子资源
  • 读者导购
  • 参考咨询
  • 我的图书馆
  • 登录
  • 详细信息显示
  • 放入我的书架
  • 预约/预借图书
  • 作者相关作品
  • 分类相关作品
  • 丛书相关作品
  • 出版社相关作品

书目信息

  • 表格格式
  • 工作单格式
  • 卡片格式
题名:
清代考据学研究
    
 
作者: 郭康松 著
分册:  
出版信息: 武汉   湖北辞书出版社  2001
页数: 307页
开本: 20cm
丛书名: 崇文学术文库
单 册:
中图分类: K092.49
科图分类:
主题词: 史学史--考据学--中国--清前期
电子资源:
ISBN: 7-5403-0417-0
000 00909oam2 2200265 450
001 0900000026254
005 20070727150300.34
010    @a7-5403-0417-0@dCNY16.00
100    @a20050324e20032001ekmy0chiy0120 ea
101 0  @achi
102    @aCN@b420000
105    @ay az 000yy
200 1  @a清代考据学研究@9qing dai kao ju xue yan jiu@f郭康松著@Fguo kang song zhu
210    @a武汉@c湖北辞书出版社@d2001@h2003重印
215    @a307页@d20cm
225 2  @a崇文学术文库@i湖北大学古文献研究书系
330    @a本书从学术史的角度,对清代考据学进行了鸟瞰式的宏观研究,诸如清代考据学的名称、起源、与文字狱的关系、学术宗旨、治学精神等问题。
410  0 @12001 @a崇文学术文库
410  0 @12001 @a湖北大学古文献研究书系
606 0  @a史学史@x考据学@y中国@z清前期
690    @aK092.49@v4
701  0 @a郭康松@Aguo kang song@4著
801  0 @aCN@bTSSF@c20070727
905    @a10447@dK092.49@e41
999    @aZXL@eJDD
    
    清代考据学研究/郭康松著.-武汉:湖北辞书出版社,2001(2003重印)
    307页;20cm.-(崇文学术文库.湖北大学古文献研究书系)
    
    
    ISBN 7-5403-0417-0:CNY16.00
    本书从学术史的角度,对清代考据学进行了鸟瞰式的宏观研究,诸如清代考据学的名称、起源、与文字狱的关系、学术宗旨、治学精神等问题。
●
相关链接 在E读中查询图书 在五车中查询图书 在当当中查询图书 在豆瓣中查询图书


正题名:清代考据学研究     索取号:K092.49/41         预约/预借

序号 登录号 条形码 馆藏地/架位号 状态 备注
1 0367262   203672622   第二样本阅览室/ [索取号:K092.49/41] 在馆    
2 0367263   203672631   第二借阅区/ [索取号:K092.49/41] 在馆    
3 0367264   203672640   第二借阅区/ [索取号:K092.49/41] 在馆    
4 0367265   203672659   第二借阅区/ [索取号:K092.49/41] 在馆    
5 0367266   203672668   第二借阅区/ [索取号:K092.49/41] 在馆    
6 0784058   207840586   第二借阅区/ [索取号:K092.49/41] 在馆    
7 0784059   207840595   第二借阅区/ [索取号:K092.49/41] 在馆    
8 0784060   207840602   第二借阅区/ [索取号:K092.49/41] 在馆    
9 0784061   207840611   第二借阅区/ [索取号:K092.49/41] 在馆    
10 0785062   207850627   密集书库/ [索取号:K092.49/41] 在馆    
唐山师范学院图书馆 欢迎您!
大连网信软件有限公司© 版权所有